LDR 00903naa#a2200169#i#450# 001 RU\INFRA-M\bibl\125289 005 20260703052024.5 011 ## _a2500-3305 100 ## _a20260430b2026####ek#y0rusy0150####ca 102 ## _aRU 200 1# _aПедагогические инновации в обучении традиционному музыкальному искусству в контексте современного образования — на примере преподавания игры на гучжэне _eЖурнальная статья 210 1# _aМосква _cОбщество с ограниченной ответственностью «Научно-издательский центр ИНФРА-М» _d2026 215 ## _a6 с. 608 ## _aЖурнальная статья _2local 675 ## _aУниверситеты. 378.4 _z 700 #1 _aЧэнь _gЧжомин 856 4# _anaukaru.ru _u